Vincitori Pallone d'oro dei Mondiali - Statistics

Statistiche generali
  • Questo quiz è stato fatto 30 volte
  • Il punteggio medio è 9 su 12
Statistiche sulle risposte
Edizione Nazione Calciatore % Corretto
Brasile 2014 Argentina Lionel Messi
100%
Qatar 2022 Argentina Lionel Messi
100%
Russia 2018 Croazia Luka Modrić
97%
Germania 2006 Francia Zinédine Zidane
93%
Spagna 1982 Italia Paolo Rossi
90%
Messico 1986 Argentina Diego Armando Maradona
83%
Francia 1998 Brasile Ronaldo
83%
Sudafrica 2010 Uruguay Diego Forlán
70%
Corea del Sud / Giappone 2002 Germania Oliver Kahn
57%
Italia 1990 Italia Salvatore Schillaci
57%
USA 1994 Brasile Romário
53%
Argentina 1978 Argentina Mario Kempes
47%
Nessun quiz corrispondente trovato
Distribuzione punteggi
Percentuale di utenti per punteggio
Percentile per numero di risposta
I tuoi punteggi nel tempo
Non hai fatto questo quiz